000 00360nam a2200157Ia 4500
999 _c6091
_d6091
003 OSt
005 20191005145645.0
008 190906s9999||||xx |||||||||||||| ||und||
020 _a978-8131733530
040 _cmaju
100 _a Philip K.Y. Young
245 0 _aManagerial Economics
260 _aLondon
_bAddison
_c1996
300 _a738
942 _cBK
_2ddc